Skip to main content
Your cart is empty.
Your lists
Log in to create your own lists
Your cookies
العربية
English
العربية
Home
Search
Advanced search
Authority search
About
The noble scholar, jurist, historian
His Excellency Dr. Abdul Wahhab bin Ibrahim Abu Sulaiman, may Allah have mercy on him.
He was born in Umm Al-Qura in the year 1356 AH.
Library catalog
Title
Author
Subject
ISBN
ISSN
Series
Call number
Log in to your account
×
Login:
Password:
Home
MARC view: أهمية الطرق الكمية في تحديد الاختلافات المكانية لمؤشرات التنمية في المملكة العربية السعودية /
Normal view
MARC view
ISBD view
أهمية الطرق الكمية في تحديد الاختلافات المكانية لمؤشرات التنمية في المملكة العربية السعودية / (Record no. 8832)
[
view plain
]
MARC details
000 -LEADER
fixed length control field
01931cam a2200349 i 4500
003 - CONTROL NUMBER IDENTIFIER
control field
SA-RiAUC
005 - DATE AND TIME OF LATEST TRANSACTION
control field
20250611093056.0
008 - FIXED-LENGTH DATA ELEMENTS--GENERAL INFORMATION
fixed length control field
250605s1989 ku g b f00000 ara c
040 ## - CATALOGING SOURCE
Original cataloging agency
SA-JeALM
Language of cataloging
ara
Transcribing agency
SA-RiAUC
Description conventions
rda
043 ## - GEOGRAPHIC AREA CODE
Geographic area code
a-su---
050 #4 - LIBRARY OF CONGRESS CALL NUMBER
Item number
.K8 v.121 1989
082 04 - DEWEY DECIMAL CLASSIFICATION NUMBER
Classification number
338.9009531
090 ## - LOCALLY ASSIGNED LC-TYPE CALL NUMBER (OCLC); LOCAL CALL NUMBER (RLIN)
Classification number (OCLC) (R) ; Classification number, CALL (RLIN) (NR)
338.9009531
Local cutter number (OCLC) ; Book number/undivided call number, CALL (RLIN)
ص ا ل
100 1# - MAIN ENTRY--PERSONAL NAME
Personal name
الصالح، ناصر عبد الله عثمان،
Dates associated with a name
1362 هجري-
Relator term
مؤلف.
245 10 - TITLE STATEMENT
Title
أهمية الطرق الكمية في تحديد الاختلافات المكانية لمؤشرات التنمية في المملكة العربية السعودية /
Statement of responsibility, etc.
ناصر بن عبد الله الصالح.
264 #1 - PRODUCTION, PUBLICATION, DISTRIBUTION, MANUFACTURE, AND COPYRIGHT NOTICE
Place of production, publication, distribution, manufacture
الكويت :
Name of producer, publisher, distributor, manufacturer
الجمعية الجغرافية الكويتية :
--
جامعة الكويت، قسم الجغرافيا،
Date of production, publication, distribution, manufacture, or copyright notice
1989
300 ## - PHYSICAL DESCRIPTION
Extent
76 صفحة ؛
Dimensions
22 سم.
336 ## - CONTENT TYPE
Content type term
نص
Content type code
txt
Source
rdacontent
Materials specified
كتاب
337 ## - MEDIA TYPE
Media type term
بدون وسيط
Media type code
n
Source
rdamedia
338 ## - CARRIER TYPE
Carrier type term
مجلد
Carrier type code
nc
Source
rdacarrier
490 0# - SERIES STATEMENT
Series statement
رسائل جغرافية / جامعة الكويت، قسم الجغرافيا، الجمعية الجغرافية الكويتية ؛
Volume/sequential designation
121
500 ## - GENERAL NOTE
General note
دورية علمية محكمة تعنى بالبحوث الجغرافية يصدرها قسم الجغرافيا بجامعة الكويت والجمعية الجغرافية الكويتية.
500 ## - GENERAL NOTE
General note
إهداء من المؤلف ناصر بن عبد الله الصالح بتاريخ 1409/10/24 هـ
504 ## - BIBLIOGRAPHY, ETC. NOTE
Bibliography, etc. note
ببليوجرافية : صفحة 69-73.
650 #7 - SUBJECT ADDED ENTRY--TOPICAL TERM
Topical term or geographic name entry element
التنمية الاقتصادية
Source of heading or term
aucsh
650 #7 - SUBJECT ADDED ENTRY--TOPICAL TERM
Topical term or geographic name entry element
الجغرافيا
General subdivision
أساليب إحصائية
Source of heading or term
aucsh
651 #7 - SUBJECT ADDED ENTRY--GEOGRAPHIC NAME
Geographic name
السعودية
General subdivision
سياسة اقتصادية
Source of heading or term
aucsh
651 #7 - SUBJECT ADDED ENTRY--GEOGRAPHIC NAME
Geographic name
السعودية
General subdivision
أحوال اقتصادية
Source of heading or term
aucsh
651 #7 - SUBJECT ADDED ENTRY--GEOGRAPHIC NAME
Geographic name
السعودية
General subdivision
السكان
Source of heading or term
aucsh
942 ## - ADDED ENTRY ELEMENTS (KOHA)
Source of classification or shelving scheme
Dewey Decimal Classification
Koha item type
Books
Suppress in OPAC
No
949 ## - LOCAL PROCESSING INFORMATION (OCLC)
a
SA-JeALM
d
250605
u
mohamedma123
n
1
Holdings
Withdrawn status
Lost status
Source of classification or shelving scheme
Damaged status
Not for loan
Collection
Home library
Current library
Date acquired
Total checkouts
Full call number
Barcode
Date last seen
Price effective from
Koha item type
Dewey Decimal Classification
اهداء
DR AbdElwahab Library
DR AbdElwahab Library
06/11/2025
338.9009531 ص ا ل
000014514
06/11/2025
06/11/2025
Books
Place hold
Print
Add to your cart
(remove)
Save record
BIBTEX
Dublin Core
MARCXML
MARC (non-Unicode/MARC-8)
MARC (Unicode/UTF-8)
MARC (Unicode/UTF-8, Standard)
MODS (XML)
RIS
ISBD
More searches
Search for this title in:
Other Libraries (WorldCat)
Other Databases (Google Scholar)
Online Stores (Bookfinder.com)
Open Library (openlibrary.org)
Exporting to Dublin Core...
×
Simple DC-RDF
OAI-DC
SRW-DC